Select only chihuahua dogs part 1 - Statistics

General Stats
  • This quiz has been taken 35 times
  • The average score is 8 of 8
Answers on the Grid
Answers color-coded by a green-red scale on the quiz's grid according to % correct below.
 
Answer Stats
Answer % Correct
100%
96%
96%
96%
96%
96%
92%
92%
No matching quizzes found
Score Distribution
Percent of People with Each Score
Percentile by Number Answered
Your Score History
You have not taken this quiz